| LEADER |
00636nam0a2200193 450 |
| 001 |
16821985 |
| 010 |
|
|
|a 978-2-35413-259-0
|b rel.
|d 14,2
|
| 100 |
|
|
|a 20150319d2026 u u0frey01 ba
|
| 101 |
0 |
|
|a fre
|
| 102 |
|
|
|a FR
|
| 200 |
0 |
|
|a Noël de maître Léon (Le)
|f Eve Tharlet
|
| 207 |
|
1 |
|a
|
| 210 |
|
|
|a Paris
|c Minedition
|d DL 2014
|
| 215 |
|
|
|a 1 vol. (non paginé [22] p.)
|c ill. en coul.
|d 25 cm
|
| 225 |
1 |
|
|a (Un )livre d'images Minedition
|x 1958-086X
|
| 700 |
|
0 |
|a Tharlet
|b Eve
|f 1956-....
|4 70
|
| 900 |
|
|
|a Album
|
| 901 |
|
|
|a Accessible au prêt
|
| 995 |
|
|
|a Bibliothèque
|c Bibliothèque
|f 024016059
|h 024016059
|k A THA
|o p
|q j
|r az
|e Bibliothèque
|